000 00557nam a22001817a 4500
005 20231103074631.0
008 231103b |||||||| |||| 00| 0 eng d
020 _a0409019739
041 _aEnglish
082 _a346.6 COR
100 _aCilliers, HS et al.
_lEnglish
245 _aCilliers and Benade Corporate Law /
_cHS Cilliers et al.
250 _aThird Edition
260 _aDurban :
_bLexisNexis Butterworths,
_c2000
300 _bxvii, 791 pages ;
_c24,5 cm.
650 _aLegal practice
_bLaw
942 _cBK
_6ALISON_BN_VRIES
999 _c277
_d277